Words that end in -ow - Statistics

General Stats
  • This quiz has been taken 29 times
    20 since last reset
  • The average score is 5 of 15
Answer Stats
Hint Answer % Correct
A spider or a lone woman widow
80%
Regret or sadness etc. sorrow
70%
When two eyebrows join together unibrow
70%
What you might put in your hot chocolate marshmallow
65%
Planting seeds or a pig sow
65%
A type of tree willow
50%
Animals sometimes dig these for a home such as an armadillo burrow
40%
A current that comes and pulls objects out to sea undertow
35%
A big, rich house bungalow
30%
What you might do to someone you admire follow
30%
A tool for farming harrow
10%
To flow into each other interflow
0%
A type of killfish topminnow
0%
Very slow ultraslow
0%
Not relaxed and friendly unmellow
0%
No matching quizzes found
Score Distribution
Percent of People with Each Score
Percentile by Number Answered
Your Score History
You have not taken this quiz since the last reset